[Event "San Sebastian de los Reyes op U1600 2nd"]
[Site "San Sebastian de los Reyes"]
[Date "2019.10.19"]
[Round "3"]
[White "Criado Jimenez, Jose"]
[Black "Baracco Garcia, Juan"]
[Result "1-0"]
[WhiteElo "1492"]
[BlackElo "1521"]
[PlyCount "59"]
[EventDate "2019.10.12"]
[EventType "swiss"]
[EventRounds "6"]
[EventCountry "ESP"]
[SourceTitle "EXT 2024"]
[Source "ChessBase"]
[SourceDate "2023.10.10"]
[SourceVersion "1"]
[SourceVersionDate "2023.10.10"]
[SourceQuality "1"]

1. d4 d5 2. c4 e6 3. Nc3 Nf6 4. Nf3 h6 5. e3 Be7 6. Bd3 0-0 7. 0-0 a6 8. b3 Nc6 9. Bb2 Nb4 10. Be2 c5 11. a3 cxd4 12. Nxd4 Nc6 13. Nxc6 bxc6 14. b4 Rb8 15. Qc2 Qc7 16. c5 Re8 17. f4 h5 18. Na4 Ng4 19. Bxg4 hxg4 20. Be5 Qb7 21. Bxb8 Qxb8 22. Qd1 f5 23. Nb2 Bf6 24. Ra2 e5 25. Nd3 exf4 26. exf4 Bd4+ 27. Kh1 Qc7 28. Re2 Be3 29. Qb3 Be6 30. Rxe3 1-0

[Event "San Sebastian de los Reyes op U1600 2nd"]
[Site "San Sebastian de los Reyes"]
[Date "2019.10.12"]
[Round "2"]
[White "Baracco Garcia, Juan"]
[Black "Guillo Sanchez Galiano, Ernesto"]
[Result "1-0"]
[WhiteElo "1521"]
[BlackElo "1341"]
[PlyCount "39"]
[EventDate "2019.10.12"]
[EventType "swiss"]
[EventRounds "6"]
[EventCountry "ESP"]
[SourceTitle "EXT 2024"]
[Source "ChessBase"]
[SourceDate "2023.10.10"]
[SourceVersion "1"]
[SourceVersionDate "2023.10.10"]
[SourceQuality "1"]

1. d4 Nf6 2. Nf3 g6 3. b3 d6 4. Bb2 Bg7 5. e3 0-0 6. Nbd2 Nbd7 7. Be2 c5 8. 0-0 cxd4 9. Bxd4 b6 10. Rb1 Nc5 11. Bb2 Qc7 12. h3 Bf5 13. Nd4 Bd7 14. a4 a5 15. Nb5 Bxb5 16. Bxb5 Rfd8 17. Qf3 Rac8 18. Rfc1 Ncd7 19. Ne4 Qb7 20. Nxf6+ 1-0